LEADER 00992nam0 2200301 450 001 000000689 005 20050630115200.0 010 $a88-15-06595-4 100 $a--------d1998----km-y0itay50------ba 101 1 $aita 102 $aIT 200 1 $aProblemi e soluzioni di finanza aziendale$eesercizi di supporto al testo di Ross, Westerfield, Jaffe$fRobert C. Hanson 210 $aBologna$cIl Mulino$d1998 215 $a215 p.$d23 cm 225 2 $aStrumenti$iEconomia 304 $aTit. orig.: Student problem manual for use with corporate finance 305 $aEd. italiana a cura di Silvia Rigamonti 314 410 0$12001$aStrumenti 610 1 $aFinanza aziendale$aEsercizi 676 $a658.15 700 1$aHanson,$bRobert C.$0268293 702 1$aRigamonti,$bSilvia 801 0$aIT $bUNIPARTHENOPE $gRICA $2UNIMARC 912 $a000000689 951 $cNAVA1$a658-P/3$b33743$d20000214 996 $aProblemi e soluzioni di finanza aziendale$975296 997 $aUNIPARTHENOPE LEADER 00777nam0 2200265 450 001 000000562 005 20050630115100.0 010 $a88-8091-360-3 100 $a--------d1996----km-y0itay50------ba 101 $aita 102 $aIT 200 1 $aPrincipi di revisione aziendale$fLuciano Marchi 205 $a3. ed. 210 $aBologna$cCLUEB$d1996 215 $a275 p.$d24 cm 225 2 $aStudi di revisione aziendale$v1 410 0$12001$aStudi di revisione aziendale 610 1 $aContabilità aziendale$aRevisione 676 $a657.45 700 1$aMarchi,$bLuciano$0107397 801 0$aIT $bUNIPARTHENOPE $gRICA $2UNIMARC 912 $a000000562 951 $cNAVA1$a657-P/1$b33279$d20000203 996 $aPrincipi di revisione aziendale$9198177 997 $aUNIPARTHENOPE